La pétrarquisme en France, au XVI siécle

Na minha lista:
Detalhes bibliográficos
Autor principal: Vianey, Joseph
Formato: Livro
Idioma:Undetermined
Publicado em: Génova, Italia Slatkine Reprints 1969
Assuntos:
Tags: Adicionar Tag
Sem tags, seja o primeiro a adicionar uma tag!

MARC

LEADER 00000nam a2200000Ia 4500
008 170316s9999 xx 000 0 und d
090 |a 100 V-12p 
100 |a Vianey, Joseph 
245 |a La pétrarquisme en France, au XVI siécle 
260 |a Génova, Italia 
260 |b Slatkine Reprints 
260 |c 1969 
300 |a 399 páginas 
650 |a FILOSOFÍA 
999 |c 17830  |d 17830 
040 |a cru BVZT 
942 |c 15 D  |h 100 V-12p  |2 z